Business intelligence : An essential beginners guide to BI, Big data, Artificial intelligence..../ (Record no. 4400)

000 -LEADER
fixed length control field 01107cam a2200337 a 4500
001 - CONTROL NUMBER
control field 16215165
003 - CONTROL NUMBER IDENTIFIER
control field OSt
005 - DATE AND TIME OF LATEST TRANSACTION
control field 20250220143630.0
008 - FIXED-LENGTH DATA ELEMENTS--GENERAL INFORMATION
fixed length control field 100503s2011 maua b 001 0 eng
010 ## - LIBRARY OF CONGRESS CONTROL NUMBER
LC control number 2010018459
020 ## - INTERNATIONAL STANDARD BOOK NUMBER
International Standard Book Number 9781697955002
020 ## - INTERNATIONAL STANDARD BOOK NUMBER
International Standard Book Number 013610066X
035 ## - SYSTEM CONTROL NUMBER
System control number (OCoLC)ocn611966305
040 ## - CATALOGING SOURCE
Original cataloging agency DLC
Transcribing agency DLC
Modifying agency YDX
-- YDXCP
-- CDX
-- DLC
050 00 - LIBRARY OF CONGRESS CALL NUMBER
Classification number HD38.7.H87 2020
082 00 - DEWEY DECIMAL CLASSIFICATION NUMBER
Classification number 658.4/72
Edition number 22
100 ## - MAIN ENTRY--PERSONAL NAME
Personal name Hurley, Richard
245 00 - TITLE STATEMENT
Title Business intelligence : An essential beginners guide to BI, Big data, Artificial intelligence..../
Statement of responsibility, etc Richard Hurley
260 ## - PUBLICATION, DISTRIBUTION, ETC. (IMPRINT)
Date of publication, distribution, etc 2020
300 ## - PHYSICAL DESCRIPTION
Extent 96 p. :
Dimensions 22 cm.
650 #0 - SUBJECT ADDED ENTRY--TOPICAL TERM
Topical term or geographic name as entry element Business intelligence.
650 #0 - SUBJECT ADDED ENTRY--TOPICAL TERM
Topical term or geographic name as entry element Artificial Intelligence
650 #0 - SUBJECT ADDED ENTRY--TOPICAL TERM
Topical term or geographic name as entry element Big Data
650 #0 - SUBJECT ADDED ENTRY--TOPICAL TERM
Topical term or geographic name as entry element Cybersecurity
650 #0 - SUBJECT ADDED ENTRY--TOPICAL TERM
Topical term or geographic name as entry element Machine Learning
700 1# - ADDED ENTRY--PERSONAL NAME
Personal name Turban, Efraim.
906 ## - LOCAL DATA ELEMENT F, LDF (RLIN)
a 7
b cbc
c orignew
d 1
e ecip
f 20
g y-gencatlg
942 ## - ADDED ENTRY ELEMENTS (KOHA)
Source of classification or shelving scheme
Koha item type Book
Holdings
Withdrawn status Lost status Source of classification or shelving scheme Damaged status Not for loan Home library Current library Shelving location Date acquired Total Checkouts Full call number Barcode Date last seen Copy number Price effective from Koha item type
          Riara University Library Riara University Library General stack 20/02/2025   HD38.7.H87 2020 10764/25 20/02/2025 C.1 20/02/2025 Book
          Riara University Library Riara University Library General stack 20/02/2025   HD38.7.H87 2020 10765/25 20/02/2025 C.2 20/02/2025 Book

Riara University Library,
P.O. Box 49940-00100,
Nairobi, Kenya.